000
00289nam a22001217a 4500
005
20230524092300.0
008
230524b |||||||| |||| 00| 0 eng d
082
_a
620.003
_b
PUB-N
245
_a
New Mechanical Engineering Dictionary
300
_a
740
650
_a
Engineering
999
_c
18439
_d
18439